| 000 | 00534nam a22002057a 4500 | ||
|---|---|---|---|
| 003 | OSt | ||
| 005 | 20180116183000.0 | ||
| 008 | 141002b xxu||||| |||| 00| 0 eng d | ||
| 020 | _a0 | ||
| 040 |
_a0 _b0 _c0 |
||
| 082 | _a153.94 BRA 2003 | ||
| 100 | _aGary G. Brannigan | ||
| 245 |
_aBender Gestalt II _bBender Visual-Motor Gestalt Test _cGary G. Brannigan |
||
| 250 | _a2nd Edition | ||
| 260 |
_aUSA _bRiverside _c2003 |
||
| 300 |
_a167p. _bHB |
||
| 440 | _aBender Gestalt II | ||
| 600 | _aGary G. Brannigan | ||
| 942 |
_2ddc _cBK |
||
| 999 |
_c349798 _d349798 |
||